Aap kay massael aur un ka hal, Vol.9 (Record no. 9752)
[ view plain ]
| 000 -LEADER | |
|---|---|
| fixed length control field | 00358 a2200133 4500 |
| 082 ## - DEWEY DECIMAL CLASSIFICATION NUMBER | |
| Classification number | 297.14 |
| 090 ## - LOCALLY ASSIGNED LC-TYPE CALL NUMBER (OCLC); LOCAL CALL NUMBER (RLIN) | |
| -- | 5914 |
| -- | 5914 |
| 100 ## - MAIN ENTRY--PERSONAL NAME | |
| Personal name | Ludhyanwi, M. Yousaf |
| 245 ## - TITLE STATEMENT | |
| Title | Aap kay massael aur un ka hal, Vol.9 |
| Statement of responsibility, etc. | M. Yousaf Ludhyanwi |
| Medium | Urdu |
| 260 ## - PUBLICATION, DISTRIBUTION, ETC. | |
| Place of publication, distribution, etc. | Karachi: |
| Name of publisher, distributor, etc. | Maqtaba Ludhyanwi, |
| Date of publication, distribution, etc. | 1995. |
| 300 ## - PHYSICAL DESCRIPTION | |
| Extent | 419 p. ; |
| Dimensions | 21 cm. |
| 650 ## - SUBJECT ADDED ENTRY--TOPICAL TERM | |
| Topical term or geographic name entry element | Islam |
| 942 ## - ADDED ENTRY ELEMENTS (KOHA) | |
| Koha item type | Book |
| Call number prefix | 297.14 LOD |
| Withdrawn status | Lost status | Damaged status | Not for loan | Collection code | Permanent Location | Current Location | Shelving location | Date acquired | Source of acquisition | Cost, normal purchase price | Full call number | Barcode | Date last seen | Price effective from | Koha item type |
|---|---|---|---|---|---|---|---|---|---|---|---|---|---|---|---|
| NUST Law School (NLS) | NUST Law School (NLS) | General Stacks | 12/08/2004 | Academic Book Company | 119.00 | 297.14 LOD | SEECS005153 | 11/14/2012 | 01/05/2017 | Reference |
